BIBLIOTECA “JULIO CORTÁZAR”
ESCUELA AGROTÉCNICA “LIBERTADOR GENERAL SAN MARTÍN” - UNR – CASILDA

Logo Escuela Logo UNR

Estructuras regionales y sistemas productivos / (Record no. 744)

MARC details
000 -LEADER
campo de control de longitud fija 00894nam#a22003015a#4500
001 - NÚMERO DE CONTROL
campo de control 744
008 - DATOS DE LONGITUD FIJA--INFORMACIÓN GENERAL
campo de control de longitud fija 080908s2008####ag#a###d#f####001#0#spa#d
020 ## - NÚMERO INTERNACIONAL ESTÁNDAR DEL LIBRO
Número Internacional Estándar del Libro 9789507016950
080 ## - NÚMERO DE LA CLASIFICACIÓN DECIMAL UNIVERSAL
Número de la Clasificación Decimal Universal 91
084 ## - OTRO NÚMERO DE CLASIFICACIÓN
Número de clasificación R72
040 ## - FUENTE DE CATALOGACIÓN
Centro catalogador/agencia de origen AR-ClEAG
Centro/agencia transcriptor AR-ClEAG
005 - FECHA Y HORA DE LA ÚLTIMA TRANSACCIÓN
campo de control 20241107184645.0
003 - IDENTIFICADOR DE NÚMERO DE CONTROL
campo de control AR-ClEAG
100 1# - ENTRADA PRINCIPAL--NOMBRE DE PERSONA
Nombre de persona Rofman, Alejandro B.
245 10 - MENCIÓN DEL TÍTULO
Título Estructuras regionales y sistemas productivos /
Mención de responsabilidad, etc. Alejandro B. Rofman.
250 ## - MENCION DE EDICION
Mención de edición 1ª ed.
260 ## - PUBLICACIÓN, DISTRIBUCIÓN, ETC.
Lugar de publicación, distribución, etc. Buenos Aires :
Nombre del editor, distribuidor, etc. Aique,
Fecha de publicación, distribución, etc. 2008.
300 ## - DESCRIPCIÓN FÍSICA
Extensión 64 p. :
Otras características físicas il. ;
Dimensiones 24 cm. +
Material acompañante/anejo Suplemento del libro Historia Argentina contemporánea (1852-199)
490 0# - MENCIÓN DE SERIE
Mención de serie Aique Polimodal
653 ## - TÉRMINO DE INDIZACIÓN--NO CONTROLADO
Término no controlado Región pampeana
653 ## - TÉRMINO DE INDIZACIÓN--NO CONTROLADO
Término no controlado Circuito de la soja
653 ## - TÉRMINO DE INDIZACIÓN--NO CONTROLADO
Término no controlado Circuito del algodón
653 ## - TÉRMINO DE INDIZACIÓN--NO CONTROLADO
Término no controlado Circuitodel azúcar
653 ## - TÉRMINO DE INDIZACIÓN--NO CONTROLADO
Término no controlado Circuito de la vitivinicultura
653 ## - TÉRMINO DE INDIZACIÓN--NO CONTROLADO
Término no controlado Circuitos del petróleo
653 ## - TÉRMINO DE INDIZACIÓN--NO CONTROLADO
Término no controlado Circuitos del carbón
942 ## - ELEMENTOS DE ENTRADA SECUNDARIOS (KOHA)
Tipo de ítem Koha Libros
980 ## - EQUIVALENCIA O REFERENCIA-CRUZADA-MENCIÓN DE SERIE--NOMBRE DE PERSONA/TÍTULO [LOCAL, CANADÁ]
Enlace 2
Nombre de persona Evangelina Gallicchio
Enlace entre campo y número de secuencia 2
Información miscelánea Evangelina Gallicchio
Holdings
Estatus retirado Estado de pérdida Fuente del sistema de clasificación o colocación Estado de daño No para préstamo Biblioteca de origen Biblioteca actual Ubicación en estantería Fecha de adquisición Número de inventario Total de préstamos Signatura topográfica completa Código de barras Visto por última vez Precio de reemplazo Tipo de ítem Koha
    Clasificación decimal universal     Julio Cortázar Julio Cortázar   07/11/2024 2649   R7 91 R72 Ej.2 2649 07/11/2024 07/11/2024 Libros
    Clasificación decimal universal     Julio Cortázar Julio Cortázar   07/11/2024 2667   R7 91 R72 Ej.5 2667 07/11/2024 07/11/2024 Libros
    Clasificación decimal universal     Julio Cortázar Julio Cortázar   07/11/2024 2668   R7 91 R72 Ej.6 2668 07/11/2024 07/11/2024 Libros
    Clasificación decimal universal     Julio Cortázar Julio Cortázar   07/11/2024 2669   R7 91 R72 Ej.7 2669 07/11/2024 07/11/2024 Libros
    Clasificación decimal universal     Julio Cortázar Julio Cortázar   07/11/2024 2670   R7 91 R72 Ej.8 2670 07/11/2024 07/11/2024 Libros

Contacto

Biblioteca Julio Cortázar. Escuela Agrotécnica "Libertador San Martín". Universidad Nacional de Rosario
Dirección: Ov. Lagos 1000 - 2170 Casilda - Santa Fe - Argentina
Tel: (54) (03464) 422226.
Fax: (54) (03464) 427789.
E-Mail: biblio-eac@unr.edu.ar